[Event "21. Torneo San Viator 2013"]
[Site "Madrid ESP"]
[Date "2013.11.10"]
[Round "8.30"]
[White "Hernandez Mateo, Borja"]
[Black "Morona Minguez, Miguel"]
[Result "1-0"]
[WhiteElo "1805"]
[BlackElo "1612"]
[PlyCount "53"]
[EventDate "2013.09.29"]
[EventType "swiss"]
[EventRounds "9"]
[EventCountry "ESP"]
[SourceTitle "Ajedrez en Madrid"]
[Source "lmi"]
[SourceDate "2013.09.29"]
[SourceVersion "1"]
[SourceVersionDate "2013.12.25"]
[SourceQuality "1"]

1. e4 e5 2. Nf3 Nc6 3. Bb5 a6 4. Ba4 Nf6 5. O-O b5 6. Bb3 Be7 7. Re1 O-O 8. c3
Bb7 9. d4 d6 10. Nbd2 exd4 11. cxd4 Na5 12. Bc2 c5 13. Nf1 Nc6 14. d5 Nb4 15.
Bb1 a5 16. Ng3 Bc8 17. Qe2 c4 18. Nd4 Ng4 19. a3 Na6 20. Nc6 Qc7 21. Nf5 Bxf5
22. exf5 Ne5 23. Nxe7+ Qxe7 24. f4 Qa7+ 25. Be3 Qc7 26. fxe5 dxe5 27. f6 1-0

[Event "21. Torneo San Viator 2013"]
[Site "Madrid ESP"]
[Date "2013.11.10"]
[Round "8.31"]
[White "Moreno Sanchez, Guillermo"]
[Black "Garcia Martin, Juan Manuel"]
[Result "1/2-1/2"]
[WhiteElo "1621"]
[BlackElo "1797"]
[PlyCount "138"]
[EventDate "2013.09.29"]
[EventType "swiss"]
[EventRounds "9"]
[EventCountry "ESP"]
[SourceTitle "Ajedrez en Madrid"]
[Source "lmi"]
[SourceDate "2013.09.29"]
[SourceVersion "1"]
[SourceVersionDate "2013.12.25"]
[SourceQuality "1"]

1. d4 Nf6 2. c4 e5 3. dxe5 Ng4 4. Nf3 Bc5 5. e3 Nc6 6. b3 Ngxe5 7. Nxe5 Nxe5 8.
Bb2 Bb4+ 9. Nd2 Qf6 10. Rb1 Qf5 11. Rc1 Nd3+ 12. Bxd3 Qxd3 13. Qc2 Qxc2 14.
Rxc2 a5 15. O-O O-O 16. Nf3 Be7 17. Nd4 d6 18. Rd1 Bd7 19. f3 c5 20. Ne2 a4 21.
Nc3 axb3 22. axb3 Bc6 23. e4 Rfb8 24. Bc1 b5 25. Bf4 bxc4 26. bxc4 Ba4 27. Nxa4
Rxa4 28. Bxd6 Rd8 29. Rcd2 Bxd6 30. Rxd6 Rxd6 31. Rxd6 g6 32. Kf2 Rxc4 33. Ke3
Kg7 34. e5 Rc1 35. Kf4 c4 36. Rc6 c3 37. Ke3 c2 38. Kd2 Rg1 39. Rxc2 Rxg2+ 40.
Kd3 Rg5 41. Re2 Kf8 42. Ke4 Rf5 43. Rc2 Kg7 44. Rg2 Kh6 45. f4 Rh5 46. Kf3 Rh3+
47. Ke4 Ra3 48. Rg3 Ra4+ 49. Kf3 Ra6 50. Rh3+ Kg7 51. Kg4 h5+ 52. Kf3 Kf8 53.
Ke4 Ra4+ 54. Kf3 Ke7 55. Kg3 Ke6 56. Kf3 Ra3+ 57. Kg2 Rxh3 58. Kxh3 Kf5 59. Kg3
Ke4 60. h3 Kf5 61. Kf3 f6 62. exf6 Kxf6 63. Ke4 Ke6 64. Ke3 Kd5 65. Kd3 Ke6 66.
Kd4 Kf5 67. Ke3 g5 68. fxg5 Kxg5 69. Kf3 Kh4 1/2-1/2

[Event "21. Torneo San Viator 2013"]
[Site "Madrid ESP"]
[Date "2013.11.10"]
[Round "8.32"]
[White "San Felipe Gonzalez, Tomas"]
[Black "Mateos Cordero, Francisco"]
[Result "1-0"]
[WhiteElo "1732"]
[BlackElo "1601"]
[PlyCount "147"]
[EventDate "2013.09.29"]
[EventType "swiss"]
[EventRounds "9"]
[EventCountry "ESP"]
[SourceTitle "Ajedrez en Madrid"]
[Source "lmi"]
[SourceDate "2013.09.29"]
[SourceVersion "1"]
[SourceVersionDate "2013.12.25"]
[SourceQuality "1"]

1. d4 d5 2. c4 c6 3. Nf3 Nf6 4. Nbd2 e6 5. g3 Bd6 6. Bg2 Nbd7 7. b3 c5 8. cxd5
exd5 9. Bb2 O-O 10. dxc5 Bxc5 11. O-O Re8 12. e3 Qe7 13. Re1 Ba3 14. Bd4 Bc5
15. Nb1 Ne4 16. Qc2 Ndf6 17. Bxc5 Qxc5 18. Qxc5 Nxc5 19. Nc3 a6 20. Red1 Be6
21. Rac1 Rac8 22. Nd4 Nce4 23. Nce2 Rxc1 24. Rxc1 Rc8 25. Rxc8+ Bxc8 26. Nf4
Nc3 27. a3 g5 28. Nd3 Bd7 29. a4 Nfe4 30. Nb4 Be6 31. Nd3 Nd6 32. Nc5 Bc8 33.
Kf1 b6 34. Nd3 Nde4 35. Ke1 g4 36. Nf4 Nf6 37. Nc6 Kf8 38. Nb4 Bb7 39. Bf1 b5
40. axb5 Nxb5 41. Be2 Nc7 42. Nfd3 h5 43. Nc5 Bc8 44. Nbxa6 Nxa6 45. Bxa6 Bxa6
46. Nxa6 Nd7 47. Ke2 Ke7 48. f3 f5 49. f4 Kd6 50. Kd3 Nf6 51. Nb4 Kc5 52. Nc2
Ne4 53. Nd4 Nd6 54. Ne6+ Kb4 55. Ng7 Kxb3 56. Nxh5 Ne8 57. Kd4 Kc2 58. Kxd5 Kd3
59. Ke5 Kxe3 60. Kxf5 Kf3 61. Kg5 Nd6 62. Nf6 Nc4 63. Nxg4 Kg2 64. f5 Nd6 65.
f6 Kh3 66. Ne5 Kxh2 67. g4 Kg3 68. f7 Ne4+ 69. Kg6 Kf4 70. f8=Q+ Kxe5 71. Qf5+
Kd4 72. g5 Nc5 73. Qxc5+ Kxc5 74. Kf7 1-0

[Event "21. Torneo San Viator 2013"]
[Site "Madrid ESP"]
[Date "2013.11.10"]
[Round "8.33"]
[White "Rendo Quindos, Pedro"]
[Black "Perez Bruni, Alfredo"]
[Result "1/2-1/2"]
[WhiteElo "1607"]
[BlackElo "1726"]
[PlyCount "129"]
[EventDate "2013.09.29"]
[EventType "swiss"]
[EventRounds "9"]
[EventCountry "ESP"]
[SourceTitle "Ajedrez en Madrid"]
[Source "lmi"]
[SourceDate "2013.09.29"]
[SourceVersion "1"]
[SourceVersionDate "2013.12.25"]
[SourceQuality "1"]

1. e4 c6 2. Nf3 d5 3. e5 Bf5 4. Be2 h6 5. d4 e6 6. Nc3 c5 7. Bb5+ Nc6 8. Ne2
Be7 9. c3 Qb6 10. a4 a6 11. Bxc6+ Qxc6 12. Ng3 Bg6 13. Bd2 Qb6 14. b3 Rc8 15.
O-O cxd4 16. cxd4 Bc2 17. Qc1 Kd7 18. Qb2 Bb4 19. Rfc1 Bxd2 20. Rxc2 Rxc2 21.
Qxc2 Bb4 22. Nh5 g6 23. Nf4 Ne7 24. Nd3 Rc8 25. Qd1 Bc3 26. Nc5+ Ke8 27. Rc1
Bb4 28. Nd3 Rxc1 29. Nxc1 Ba3 30. Nd3 Nc6 31. Qc2 Kf8 32. Qc3 Kg7 33. h4 Be7
34. g3 Na5 35. Nd2 Nc6 36. Nf3 Bb4 37. Nxb4 Qxb4 38. Qb2 Na5 39. Qd2 Qxd2 40.
Nxd2 Nc6 41. Nf3 Nb4 42. Kf1 f6 43. exf6+ Kxf6 44. Ne5 h5 45. Ke2 Nc6 46. Nf3
e5 47. dxe5+ Nxe5 48. Nxe5 Kxe5 49. Kd3 d4 50. f3 Kd5 51. b4 b6 52. g4 a5 53.
b5 Ke5 54. gxh5 gxh5 55. f4+ Kxf4 56. Kxd4 Kg4 57. Kd5 Kxh4 58. Kc6 Kg3 59.
Kxb6 h4 60. Kxa5 h3 61. b6 h2 62. b7 h1=Q 63. b8=Q+ Kg4 64. Qg8+ Kf4 65. Qf7+
1/2-1/2

[Event "21. Torneo San Viator 2013"]
[Site "Madrid ESP"]
[Date "2013.11.10"]
[Round "8.34"]
[White "Yeves Miquel, Enrique"]
[Black "Herreros Ruiz, Jorge Alejandro"]
[Result "1-0"]
[WhiteElo "1713"]
[BlackElo "1549"]
[PlyCount "137"]
[EventDate "2013.09.29"]
[EventType "swiss"]
[EventRounds "9"]
[EventCountry "ESP"]
[SourceTitle "Ajedrez en Madrid"]
[Source "lmi"]
[SourceDate "2013.09.29"]
[SourceVersion "1"]
[SourceVersionDate "2013.12.25"]
[SourceQuality "1"]

1. d4 Nf6 2. c4 g6 3. Nc3 Bg7 4. e4 d6 5. h3 O-O 6. Bg5 Nbd7 7. Bd3 c5 8. d5
Ne5 9. Nf3 Nxd3+ 10. Qxd3 Qb6 11. Rb1 Re8 12. O-O e5 13. Be3 Bd7 14. b4 Qc7 15.
bxc5 dxc5 16. Rb2 Kh8 17. Rfb1 b6 18. Nb5 Bxb5 19. Rxb5 Qd6 20. a4 Nd7 21. Qd2
Nf6 22. Qc2 Nd7 23. Bg5 h6 24. Be3 a5 25. Nh2 Reb8 26. Ng4 Kh7 27. Qc1 h5 28.
Nh2 f6 29. Qd1 Bh6 30. Bxh6 Kxh6 31. h4 Rf8 32. Qd2+ Kg7 33. Rf1 f5 34. f3 Qf6
35. exf5 Qxf5 36. g3 Qh3 37. Qg2 Qxg2+ 38. Kxg2 Rae8 39. Re1 Kh6 40. Nf1 g5 41.
hxg5+ Kxg5 42. Nd2 Kg6 43. Ne4 Kh6 44. Rh1 Kg6 45. Rbb1 Rb8 46. Rh4 Nf6 47.
Nxf6 Rxf6 48. Re4 Re8 49. f4 Kf5 50. Rbe1 Rf7 51. fxe5 Rfe7 52. Rf4+ Kg5 53. e6
Kg6 54. Ref1 Kg5 55. Rf5+ Kg6 56. Rf6+ Kg7 57. Rf7+ Kg6 58. R1f6+ Kg5 59. Rxe7
Rxe7 60. Rf8 Kg4 61. Rb8 h4 62. gxh4 Kxh4 63. Rxb6 Rg7+ 64. Kf2 Kh3 65. Rb3+
Kh2 66. Rf3 Rg2+ 67. Ke3 Rg6 68. e7 Rg1 69. Rf2+ 1-0

[Event "21. Torneo San Viator 2013"]
[Site "Madrid ESP"]
[Date "2013.11.10"]
[Round "8.35"]
[White "Valdes Sanchez, Jesus Manuel"]
[Black "Moreno Zamora, Gregorio"]
[Result "0-1"]
[WhiteElo "1567"]
[BlackElo "1704"]
[PlyCount "96"]
[EventDate "2013.09.29"]
[EventType "swiss"]
[EventRounds "9"]
[EventCountry "ESP"]
[SourceTitle "Ajedrez en Madrid"]
[Source "lmi"]
[SourceDate "2013.09.29"]
[SourceVersion "1"]
[SourceVersionDate "2013.12.25"]
[SourceQuality "1"]

1. e4 c6 2. d4 d5 3. e5 c5 4. c3 Nc6 5. Nf3 Bg4 6. Be2 e6 7. Be3 cxd4 8. cxd4
Qb6 9. Qd2 Nge7 10. O-O Nf5 11. Nc3 Bxf3 12. Bxf3 Ncxd4 13. Bd1 Nxe3 14. fxe3
Nc6 15. Ba4 Bc5 16. Bxc6+ bxc6 17. Nd1 O-O 18. Rf3 Rad8 19. Qd3 Rfe8 20. a3 a5
21. Rc1 Bf8 22. Qf1 Rd7 23. Rg3 g6 24. Qf3 Bg7 25. Rh3 Bxe5 26. Rc2 f5 27. g3
Bh8 28. Kh1 e5 29. Rf2 Qc7 30. Rf1 c5 31. g4 Rf8 32. g5 e4 33. Qf2 d4 34. Rh4
Bg7 35. Rf4 Rff7 36. Qg2 dxe3 37. Nxe3 Rd3 38. Nc4 Be5 39. Rh4 Rfd7 40. Nxe5
Qxe5 41. Rhf4 Rd1 42. R4f2 Rxf1+ 43. Rxf1 Rd3 44. Qc2 Qd4 45. Rc1 e3 46. Qe2
Rd2 47. Qb5 Qe4+ 48. Kg1 Qg2# 0-1

[Event "21. Torneo San Viator 2013"]
[Site "Madrid ESP"]
[Date "2013.11.10"]
[Round "8.37"]
[White "Algaba Traspuesto, Jose Antoni"]
[Black "Jimenez Manzano, Emiliano"]
[Result "1-0"]
[WhiteElo "1693"]
[BlackElo "1493"]
[PlyCount "105"]
[EventDate "2013.09.29"]
[EventType "swiss"]
[EventRounds "9"]
[EventCountry "ESP"]
[SourceTitle "Ajedrez en Madrid"]
[Source "lmi"]
[SourceDate "2013.09.29"]
[SourceVersion "1"]
[SourceVersionDate "2013.12.25"]
[SourceQuality "1"]

1. d4 Nf6 2. e3 g6 3. Nf3 Bg7 4. Be2 d5 5. O-O O-O 6. Nbd2 Nbd7 7. b3 c5 8. c4
cxd4 9. exd4 b6 10. Bb2 Bb7 11. Rc1 Rc8 12. Rc2 Qc7 13. Qb1 Ne4 14. Rfc1 Nxd2
15. Nxd2 Qf4 16. g3 Qf5 17. cxd5 Rxc2 18. Qxc2 Qxc2 19. Rxc2 Bxd5 20. Rc7 Nf6
21. Bf3 a5 22. Rxe7 Bxf3 23. Nxf3 Re8 24. Rxe8+ Nxe8 25. Kf1 Nc7 26. Ke2 f5 27.
Kd3 Kf7 28. Ne5+ Ke6 29. f4 Nd5 30. a3 Bf8 31. Nc4 Be7 32. Ne3 Nc7 33. a4 Nd5
34. Nc2 Nb4+ 35. Nxb4 Bxb4 36. Kc4 Be1 37. d5+ Kd6 38. Be5+ Kd7 39. Bd4 Kc7 40.
Kb5 Kd6 41. Bxb6 Kxd5 42. Bxa5 Bf2 43. Bb6 Be1 44. b4 Kd6 45. a5 Kd7 46. a6 Kc8
47. Ba7 h6 48. h4 Bxg3 49. Kc6 Bxf4 50. b5 Bb8 51. b6 Bh2 52. b7+ Kd8 53. Bb6+
1-0

[Event "21. Torneo San Viator 2013"]
[Site "Madrid ESP"]
[Date "2013.11.10"]
[Round "8.39"]
[White "Ore Leon, Gustavo"]
[Black "Martin Rodriguez, Jose Luis"]
[Result "1-0"]
[WhiteElo "1828"]
[BlackElo "1412"]
[PlyCount "41"]
[EventDate "2013.09.29"]
[EventType "swiss"]
[EventRounds "9"]
[EventCountry "ESP"]
[SourceTitle "Ajedrez en Madrid"]
[Source "lmi"]
[SourceDate "2013.09.29"]
[SourceVersion "1"]
[SourceVersionDate "2013.12.25"]
[SourceQuality "1"]

1. e4 e6 2. d4 d5 3. Nc3 Nf6 4. e5 Nfd7 5. f4 c5 6. Nf3 Nc6 7. Be3 Qb6 8. Na4
Qa5+ 9. c3 cxd4 10. b4 Qd8 11. Nxd4 Nxd4 12. Bxd4 b6 13. Bd3 f6 14. Qh5+ Ke7
15. O-O Qe8 16. Qh4 Qf7 17. f5 Ke8 18. fxe6 Qxe6 19. exf6 Qc6 20. Rae1+ Kf7 21.
fxg7+ 1-0

[Event "21. Torneo San Viator 2013"]
[Site "Madrid ESP"]
[Date "2013.11.10"]
[Round "8.40"]
[White "Perez Perez, Marta"]
[Black "Alonso Penalver, Angel"]
[Result "0-1"]
[WhiteElo "1348"]
[BlackElo "1762"]
[PlyCount "100"]
[EventDate "2013.09.29"]
[EventType "swiss"]
[EventRounds "9"]
[EventCountry "ESP"]
[SourceTitle "Ajedrez en Madrid"]
[Source "lmi"]
[SourceDate "2013.09.29"]
[SourceVersion "1"]
[SourceVersionDate "2013.12.25"]
[SourceQuality "1"]

1. e4 c5 2. Nc3 g6 3. g3 Nc6 4. Bg2 Bg7 5. d3 e6 6. f4 Nge7 7. Nf3 O-O 8. O-O
d6 9. Be3 Rb8 10. h3 f5 11. Rb1 b5 12. Ne2 a5 13. g4 h6 14. Ng3 Nd4 15. c3 Ndc6
16. exf5 exf5 17. Nh4 Kh7 18. Nf3 fxg4 19. hxg4 Be6 20. Nh4 Bxa2 21. Ra1 Bd5
22. Bh3 Bg8 23. Qd2 Nd5 24. Bg2 Nxe3 25. Qxe3 Ne7 26. f5 g5 27. Ng6 Nxg6 28.
fxg6+ Kh8 29. Kh2 Qd7 30. Bf3 Rbe8 31. Qd2 a4 32. Kg2 Qe6 33. Rh1 Rxf3 34. Qxg5
Rxg3+ 35. Kxg3 Qe3+ 36. Qxe3 Rxe3+ 37. Kf4 Rxd3 38. g5 Be5+ 39. Ke4 Rd2 40.
Rab1 Bd5+ 41. Ke3 Bxh1 42. Kxd2 Be4 43. gxh6 Bxg6 44. Rf1 Kh7 45. Ke3 a3 46.
Rf2 b4 47. Kf3 axb2 48. Rxb2 bxc3 49. Rg2 c2 50. Rg1 Bb2 0-1

[Event "21. Torneo San Viator 2013"]
[Site "Madrid ESP"]
[Date "2013.11.10"]
[Round "8.42"]
[White "Pindado Del Carmen, Eliseo"]
[Black "Jimenez Perez, Federico"]
[Result "1-0"]
[WhiteElo "1584"]
[BlackElo "1289"]
[PlyCount "107"]
[EventDate "2013.09.29"]
[EventType "swiss"]
[EventRounds "9"]
[EventCountry "ESP"]
[SourceTitle "Ajedrez en Madrid"]
[Source "lmi"]
[SourceDate "2013.09.29"]
[SourceVersion "1"]
[SourceVersionDate "2013.12.25"]
[SourceQuality "1"]

1. d4 d5 2. Nf3 e6 3. c3 Nf6 4. Bf4 c5 5. e3 Bd6 6. Bg5 Qb6 7. Qc2 Ne4 8. Bh4
O-O 9. Nbd2 Nxd2 10. Qxd2 Bd7 11. Bd3 f5 12. Ne5 Bxe5 13. dxe5 c4 14. Be2 Nc6
15. f4 h6 16. Bf2 Rad8 17. Qc2 Qc7 18. g4 b5 19. Bh4 Rb8 20. g5 Qd8 21. Bf3 b4
22. Qf2 bxc3 23. bxc3 Qa5 24. Qd2 Rb3 25. Rc1 Rfb8 26. axb3 cxb3 27. Qb2 Qa2
28. Rb1 a5 29. Qxa2 bxa2 30. Rxb8+ Nxb8 31. Kd2 Bb5 32. Ra1 Bc4 33. Be2 Bb3 34.
gxh6 Nd7 35. hxg7 Nc5 36. Bf3 Bc4 37. Bd1 a4 38. Bc2 Nb3+ 39. Bxb3 axb3 40. Kc1
Kxg7 41. Kb2 Kh6 42. Be7 Kh5 43. h3 Kg6 44. Rg1+ Kf7 45. Bb4 Bd3 46. Ka1 Ke8
47. h4 Be2 48. Rg6 Kf7 49. Rf6+ Kg7 50. Rxe6 Bc4 51. Rf6 d4 52. exd4 Kg8 53.
Rxf5 Kg7 54. Rg5+ 1-0

[Event "21. Torneo San Viator 2013"]
[Site "Madrid ESP"]
[Date "2013.11.10"]
[Round "8.43"]
[White "Garcia Chica, Eva Maria"]
[Black "Alonso Vara, Laura"]
[Result "0-1"]
[WhiteElo "1644"]
[BlackElo "1573"]
[PlyCount "70"]
[EventDate "2013.09.29"]
[EventType "swiss"]
[EventRounds "9"]
[EventCountry "ESP"]
[SourceTitle "Ajedrez en Madrid"]
[Source "lmi"]
[SourceDate "2013.09.29"]
[SourceVersion "1"]
[SourceVersionDate "2013.12.25"]
[SourceQuality "1"]

1. d4 d5 2. Bf4 e6 3. e3 Bd6 4. Bg3 f5 5. Nf3 Nf6 6. Be2 O-O 7. O-O Bxg3 8.
fxg3 Qe8 9. Ne5 Nbd7 10. Nxd7 Bxd7 11. Nd2 Bb5 12. c4 dxc4 13. Nxc4 Nd5 14. Qd2
Qe7 15. a3 Qg5 16. Rf3 Nf6 17. Ne5 Bxe2 18. Qxe2 Ng4 19. Nxg4 fxg4 20. Rf4 h5
21. Raf1 Rxf4 22. Rxf4 Rf8 23. Qc4 Qg6 24. Qf1 Rxf4 25. gxf4 Qc2 26. Qf2 Qc1+
27. Qf1 Qxe3+ 28. Qf2 Qc1+ 29. Qf1 Qxb2 30. Qc4 Qb6 31. f5 Qb1+ 32. Kf2 Qxf5+
33. Kg3 c6 34. Qb4 g5 35. Qd6 h4# 0-1

[Event "21. Torneo San Viator 2013"]
[Site "Madrid ESP"]
[Date "2013.11.10"]
[Round "8.44"]
[White "Estirado De Cabo, Cesar"]
[Black "Salgado Duarte, Pablo"]
[Result "1/2-1/2"]
[WhiteElo "1511"]
[BlackElo "1551"]
[PlyCount "168"]
[EventDate "2013.09.29"]
[EventType "swiss"]
[EventRounds "9"]
[EventCountry "ESP"]
[SourceTitle "Ajedrez en Madrid"]
[Source "lmi"]
[SourceDate "2013.09.29"]
[SourceVersion "1"]
[SourceVersionDate "2013.12.25"]
[SourceQuality "1"]

1. d4 d5 2. c4 e6 3. Nc3 Nf6 4. Bg5 Be7 5. e3 O-O 6. Nf3 Nc6 7. Rc1 h6 8. Bh4
Re8 9. Bd3 a6 10. a3 dxc4 11. Bxc4 b5 12. Ba2 Bb7 13. O-O Nd5 14. Bxe7 Ncxe7
15. Bb1 Rc8 16. Qd3 Nf6 17. e4 Ng6 18. Rfd1 Qe7 19. e5 Nd5 20. g3 Red8 21. Nh4
Nf8 22. Ne4 Nf4 23. Qe3 Nh3+ 24. Kf1 Bd5 25. f4 Bxe4 26. Qxe4 g5 27. fxg5 Nxg5
28. Qg4 f5 29. Qh5 Qg7 30. Kg2 f4 31. Rc3 Rd7 32. Kh1 Rf7 33. Rf1 fxg3 34. Rxf7
Qxf7 35. Qxf7+ Kxf7 36. Rxg3 Rd8 37. Rg4 c5 38. Rf4+ Kg7 39. Nf3 Nxf3 40. Rxf3
Rxd4 41. Rg3+ Kh8 42. Ba2 Rd1+ 43. Rg1 Rxg1+ 44. Kxg1 Kg7 45. Kf2 Kf7 46. Ke3
Kg6 47. Kf4 c4 48. Bb1+ Kf7 49. Be4 Nd7 50. Bb7 Nc5 51. Bc8 a5 52. Ke3 Ke7 53.
Kd4 Nb3+ 54. Kc3 Nc5 55. Kd4 Na4 56. Ba6 b4 57. Kxc4 Nxb2+ 58. Kb3 bxa3 59.
Kxa3 Nd1 60. Ka4 Nf2 61. Kxa5 Ng4 62. Kb5 Nxe5 63. Kc5 Nf3 64. h3 Kf6 65. Kd6
Ng5 66. Bf1 e5 67. h4 Nf3 68. h5 Kg5 69. Be2 Nd4 70. Bd1 Kf4 71. Kd5 Nf5 72.
Be2 e4 73. Kc4 Ng3 74. Bd1 e3 75. Kd3 e2 76. Bxe2 Nxe2 77. Kxe2 Kg5 78. Kf3
Kxh5 79. Kg3 Kg5 80. Kh3 h5 81. Kg3 h4+ 82. Kg2 Kg4 83. Kh2 h3 84. Kg1 Kg3
1/2-1/2

[Event "21. Torneo San Viator 2013"]
[Site "Madrid ESP"]
[Date "2013.11.10"]
[Round "8.45"]
[White "Garcia Rojas, Juan Carlos"]
[Black "De Castro Vidal, Jose Ignacio"]
[Result "1-0"]
[WhiteElo "1545"]
[BlackElo "2050"]
[PlyCount "67"]
[EventDate "2013.09.29"]
[EventType "swiss"]
[EventRounds "9"]
[EventCountry "ESP"]
[SourceTitle "Ajedrez en Madrid"]
[Source "lmi"]
[SourceDate "2013.09.29"]
[SourceVersion "1"]
[SourceVersionDate "2013.12.25"]
[SourceQuality "1"]

1. e4 d6 2. d4 Nf6 3. Nc3 g6 4. Be2 Bg7 5. Be3 O-O 6. Qd2 c6 7. Bf3 Nbd7 8.
Nge2 Qa5 9. O-O b5 10. b3 Bb7 11. Qd1 b4 12. Na4 c5 13. Ng3 Rac8 14. Nb2 Ba6
15. Re1 Qc7 16. d5 Nxd5 17. exd5 Bxb2 18. Rb1 Bg7 19. Bc1 Nb6 20. Bb2 Bb7 21.
Bxg7 Kxg7 22. Qd2 Rce8 23. Re3 e6 24. Rbe1 Bxd5 25. Bxd5 Nxd5 26. Rd3 a5 27.
Qg5 h6 28. Nh5+ Kh7 29. Nf6+ Nxf6 30. Qxf6 d5 31. Rh3 Qe7 32. Qf4 Kg7 33. Qxh6+
Kf6 34. Rf3# 1-0

[Event "21. Torneo San Viator 2013"]
[Site "Madrid ESP"]
[Date "2013.11.10"]
[Round "8.49"]
[White "Saribekyan, Garnik"]
[Black "Perez Mondejar, Adler"]
[Result "1/2-1/2"]
[WhiteElo "1693"]
[BlackElo "1439"]
[PlyCount "137"]
[EventDate "2013.09.29"]
[EventType "swiss"]
[EventRounds "9"]
[EventCountry "ESP"]
[SourceTitle "Ajedrez en Madrid"]
[Source "lmi"]
[SourceDate "2013.09.29"]
[SourceVersion "1"]
[SourceVersionDate "2013.12.25"]
[SourceQuality "1"]

1. e4 c5 2. Nf3 Nc6 3. Bb5 g6 4. c3 Bg7 5. d4 cxd4 6. cxd4 a6 7. Ba4 b5 8. Bb3
d6 9. h3 Na5 10. Be3 Nxb3 11. Qxb3 e6 12. Nc3 Ne7 13. O-O O-O 14. Bg5 h6 15.
Bh4 g5 16. Bg3 Bb7 17. a4 Nc6 18. axb5 Nxd4 19. Nxd4 Bxd4 20. bxa6 Bxa6 21.
Rfd1 e5 22. Rd2 Rb8 23. Qc2 Bc4 24. Ra3 Qd7 25. Rxd4 exd4 26. Nd5 Bxd5 27. exd5
Rfc8 28. Qd3 Qb5 29. Qxd4 Qxb2 30. Qxb2 Rxb2 31. Ra6 Rd8 32. Rxd6 Rxd6 33. Bxd6
Rd2 34. Bc5 Rxd5 35. Be3 f5 36. g3 Kf7 37. Kg2 Kf6 38. Kf3 Ra5 39. Bd4+ Ke6 40.
Bb6 Ra3+ 41. Kg2 Kd5 42. Bc7 Ke4 43. Bd6 Ra6 44. Bc7 Rc6 45. Ba5 f4 46. gxf4
Kxf4 47. Bd2+ Ke4 48. Be3 Rf6 49. Bc5 Rf7 50. Be3 Rg7 51. Kg3 h5 52. Bc5 Rb7
53. Be3 Rb3 54. Kg2 Rxe3 55. fxe3 Kxe3 56. Kg3 Ke4 57. Kf2 Kf4 58. Kg2 h4 59.
Kf2 Ke4 60. Ke2 Kf4 61. Kf2 g4 62. hxg4 Kxg4 63. Kg2 Kh5 64. Kh3 Kg5 65. Kg2
Kg4 66. Kh2 Kf4 67. Kh3 Kg5 68. Kh2 Kg4 69. Kg2 1/2-1/2

[Event "21. Torneo San Viator 2013"]
[Site "Madrid ESP"]
[Date "2013.11.10"]
[Round "8.51"]
[White "Del Noval Nemeshazi, Nesztor"]
[Black "Cortijo Manso, Luis"]
[Result "1/2-1/2"]
[WhiteElo "1402"]
[BlackElo "1535"]
[PlyCount "76"]
[EventDate "2013.09.29"]
[EventType "swiss"]
[EventRounds "9"]
[EventCountry "ESP"]
[SourceTitle "Ajedrez en Madrid"]
[Source "lmi"]
[SourceDate "2013.09.29"]
[SourceVersion "1"]
[SourceVersionDate "2013.12.25"]
[SourceQuality "1"]

1. e4 e6 2. d4 d5 3. e5 c5 4. c3 Qb6 5. Nf3 Nc6 6. a3 Nh6 7. b4 cxb4 8. cxb4
Nf5 9. Be3 Nxe3 10. fxe3 Bd7 11. Nc3 Ne7 12. Na4 Qd8 13. Rc1 Rc8 14. Nc5 Rc7
15. Nxd7 Rxc1 16. Qxc1 Qxd7 17. Bd3 a6 18. Kf2 g6 19. g4 Bg7 20. Qc3 O-O 21.
Rc1 Qc8 22. Qxc8 Rxc8 23. Rxc8+ Nxc8 24. e4 Nb6 25. Nd2 f6 26. exf6 Bxf6 27. e5
Be7 28. Nb3 Na4 29. Nc5 Nxc5 30. bxc5 a5 31. Bb5 Kf7 32. Kg3 g5 33. a4 h6 34.
c6 bxc6 35. Bxc6 Bb4 36. Kf3 Bd2 37. h3 Be1 38. Ke3 Ke7 1/2-1/2

[Event "21. Torneo San Viator 2013"]
[Site "Madrid ESP"]
[Date "2013.11.10"]
[Round "8.55"]
[White "Blanco Diez, David"]
[Black "Jimenez Sanchez, Juan Daniel"]
[Result "1/2-1/2"]
[WhiteElo "1463"]
[BlackElo "1376"]
[PlyCount "56"]
[EventDate "2013.09.29"]
[EventType "swiss"]
[EventRounds "9"]
[EventCountry "ESP"]
[SourceTitle "Ajedrez en Madrid"]
[Source "lmi"]
[SourceDate "2013.09.29"]
[SourceVersion "1"]
[SourceVersionDate "2013.12.25"]
[SourceQuality "1"]

1. d4 Nf6 2. c4 e6 3. Nf3 d5 4. Bg5 Nbd7 5. cxd5 exd5 6. Nc3 h6 7. Bh4 c6 8. e3
Be7 9. Bd3 O-O 10. Qc2 Re8 11. O-O c5 12. h3 cxd4 13. Nxd4 Ne5 14. Bf5 Bxf5 15.
Nxf5 Bb4 16. Bxf6 Qxf6 17. Nxd5 Nf3+ 18. Kh1 Qe5 19. Nf4 Rac8 20. Qb3 a5 21.
Nxh6+ gxh6 22. gxf3 Red8 23. Rg1+ Kf8 24. a3 Be7 25. Rg3 Bg5 26. Nd3 Qc7 27.
Rc1 Qd7 28. Rxc8 Rxc8 1/2-1/2

[Event "21. Torneo San Viator 2013"]
[Site "Madrid ESP"]
[Date "2013.11.10"]
[Round "8.56"]
[White "Cabeza Hernandez, Guillermo"]
[Black "Ochoa, Bryan Alejandro"]
[Result "0-1"]
[WhiteElo "1565"]
[BlackElo "1193"]
[PlyCount "64"]
[EventDate "2013.09.29"]
[EventType "swiss"]
[EventRounds "9"]
[EventCountry "ESP"]
[SourceTitle "Ajedrez en Madrid"]
[Source "lmi"]
[SourceDate "2013.09.29"]
[SourceVersion "1"]
[SourceVersionDate "2013.12.25"]
[SourceQuality "1"]

1. c4 e6 2. g3 Nf6 3. Bg2 c5 4. Nf3 Nc6 5. O-O Be7 6. e3 O-O 7. Nc3 b6 8. a3
Bb7 9. Rb1 Qc7 10. b3 a5 11. Qc2 Rfd8 12. Bb2 d5 13. Nb5 Qb8 14. cxd5 exd5 15.
Rfd1 Ba6 16. a4 Bxb5 17. axb5 Nb4 18. Qf5 g6 19. Qg5 Qd6 20. Be5 Qe6 21. d4 Ne4
22. Qh6 Bf6 23. Bh3 Qe7 24. Bxf6 Qxf6 25. Rbc1 cxd4 26. Rxd4 Qxf3 27. Rxe4 dxe4
28. Rc7 Rd1+ 29. Bf1 Nd3 30. Rxf7 Qxf7 31. f4 Rc8 32. Qh3 Rcc1 0-1

[Event "21. Torneo San Viator 2013"]
[Site "Madrid ESP"]
[Date "2013.11.10"]
[Round "8.58"]
[White "Fernandez Munoz, Jesus Norbert"]
[Black "Olias Ruiz, Enrique"]
[Result "1-0"]
[WhiteElo "1419"]
[BlackElo "1173"]
[PlyCount "58"]
[EventDate "2013.09.29"]
[EventType "swiss"]
[EventRounds "9"]
[EventCountry "ESP"]
[SourceTitle "Ajedrez en Madrid"]
[Source "lmi"]
[SourceDate "2013.09.29"]
[SourceVersion "1"]
[SourceVersionDate "2013.12.25"]
[SourceQuality "1"]

1. d4 Nf6 2. c4 d6 3. Nc3 Be6 4. e3 g6 5. Nf3 h6 6. e4 Bg7 7. Bd3 c6 8. O-O
Nbd7 9. Re1 Qb6 10. b3 Qb4 11. Bd2 Qb6 12. Rc1 O-O 13. Na4 Qa6 14. Qc2 b5 15.
cxb5 cxb5 16. Kh1 Rac8 17. Qb1 Nb8 18. d5 Bd7 19. Nc3 Qb6 20. Be3 Qb7 21. b4
Kh7 22. Bd4 Nh5 23. Bxg7 Kxg7 24. Ne2 a6 25. Qb2+ f6 26. Nh4 Qb6 27. g4 g5 28.
Nf3 Nf4 29. Nxf4 gxf4 1-0

[Event "21. Torneo San Viator 2013"]
[Site "Madrid ESP"]
[Date "2013.11.17"]
[Round "9.1"]
[White "Renteria, Jorge"]
[Black "Vallejo Nuno, Jorge"]
[Result "1-0"]
[WhiteElo "2323"]
[BlackElo "2068"]
[PlyCount "31"]
[EventDate "2013.09.29"]
[EventType "swiss"]
[EventRounds "9"]
[EventCountry "ESP"]
[SourceTitle "Ajedrez en Madrid"]
[Source "lmi"]
[SourceDate "2013.09.29"]
[SourceVersion "1"]
[SourceVersionDate "2013.12.25"]
[SourceQuality "1"]

1. e4 e5 2. Nf3 f5 3. Nxe5 Qf6 4. d4 d6 5. Nc4 fxe4 6. Nc3 Qg6 7. Ne3 Nf6 8.
Bc4 c6 9. O-O d5 10. Bb3 Bd6 11. f3 exf3 12. Qxf3 O-O 13. g3 Bh3 14. Ng2 Ng4
15. Nxd5 Kh8 16. Qxf8+ 1-0